000
003270000a22001450004500
003
MACL
040
_a
MACL
090
_c
6262
_d
6261
100
_a
Adarkar, Priya
245
_a
Silence, The Court is in Session
_b
Vijay Tendulkar
260
_b
Oxford University Press
_c
1978
350
_a
9
650
_a
Drama
942
_c
BOOK
_k
822
999
_c
6214
_d
6214